<?xml version="1.0" encoding="UTF-8"?><?xml-stylesheet type="text/xsl" href="static/style.xsl"?><OAI-PMH xmlns="http://www.openarchives.org/OAI/2.0/" xmlns:xsi="http://www.w3.org/2001/XMLSchema-instance" xsi:schemaLocation="http://www.openarchives.org/OAI/2.0/ http://www.openarchives.org/OAI/2.0/OAI-PMH.xsd"><responseDate>2026-04-27T19:54:50Z</responseDate><request verb="GetRecord" identifier="oai:uvadoc.uva.es:10324/3471" metadataPrefix="marc">https://uvadoc.uva.es/oai/request</request><GetRecord><record><header><identifier>oai:uvadoc.uva.es:10324/3471</identifier><datestamp>2021-06-29T09:34:35Z</datestamp><setSpec>com_10324_38</setSpec><setSpec>col_10324_852</setSpec></header><metadata><record xmlns="http://www.loc.gov/MARC21/slim" xmlns:doc="http://www.lyncode.com/xoai" xmlns:xsi="http://www.w3.org/2001/XMLSchema-instance" xmlns:dcterms="http://purl.org/dc/terms/" xsi:schemaLocation="http://www.loc.gov/MARC21/slim http://www.loc.gov/standards/marcxml/schema/MARC21slim.xsd">
<leader>00925njm 22002777a 4500</leader>
<datafield tag="042" ind1=" " ind2=" ">
<subfield code="a">dc</subfield>
</datafield>
<datafield tag="720" ind1=" " ind2=" ">
<subfield code="a">González Fernández, Adrián</subfield>
<subfield code="e">author</subfield>
</datafield>
<datafield tag="260" ind1=" " ind2=" ">
<subfield code="c">2013</subfield>
</datafield>
<datafield tag="520" ind1=" " ind2=" ">
<subfield code="a">La finalidad de este estudio no es otra que la puesta en práctica de un plan de Educación para el Desarrollo y su posterior análisis y evaluación. &#xd;
En primer lugar hemos elaborado un marco teórico a partir de diferentes ideas de distintos autores, con la intención de confeccionar una teoría a partir de la cual se ha ido desarrollando nuestra propuesta. En segundo lugar se ha llevado a cabo el trabajo de campo, en el que hemos desarrollado las diferentes sesiones y hemos propuesto una forma de evaluación centrada en la observación del maestro, la realización del cuaderno del alumno y por último la observación externa. Lo que pretendemos con este estudio es exponer la Educación al Desarrollo como una alternativa para una educación crítica basada en los valores y para una ciudadanía universal</subfield>
</datafield>
<datafield tag="024" ind2=" " ind1="8">
<subfield code="a">http://uvadoc.uva.es/handle/10324/3471</subfield>
</datafield>
<datafield ind1=" " ind2=" " tag="653">
<subfield code="a">Educación intercultural</subfield>
</datafield>
<datafield ind1=" " ind2=" " tag="653">
<subfield code="a">Desarrollo económico-Efectos de la educación sobre el</subfield>
</datafield>
<datafield ind1=" " ind2=" " tag="653">
<subfield code="a">Cooperación internacional</subfield>
</datafield>
<datafield tag="245" ind1="0" ind2="0">
<subfield code="a">Diseño, desarrollo y evaluación de una propuesta de educación para el desarrollo en un aula de Educación Primaria</subfield>
</datafield>
</record></metadata></record></GetRecord></OAI-PMH>